Statistics for actors who have played the Doctor in doctor who

Click here to take the quiz!

General Stats

  • This quiz has been taken 20 times
  • The average score is 10 of 13

Answer Stats

number of doctorAnswer% Correct
1st DoctorWilliam Hartnell
95%
3rd DoctorJohn Pertwee
84%
11th DoctorMatt Smith
84%
2nd DoctorPatrick Troughton
84%
7th DoctorSylvester McCoy
84%
9th DoctorChristopher Eccleston
79%
6th DoctorColin Baker
79%
10th DoctorDavid Tennant
79%
4th DoctorTom Baker
79%
12th DoctorPeter Capaldi
74%
5th DoctorPeter Davison
74%
13th DoctorJodie Whittaker
68%
8th DoctorPaul McGann
63%

Score Distribution

Percentile by Number Answered

Percent of People with Each Score

Your Score History

You have not taken this quiz